| 000 | 00491cam a2200193ua 4500 | ||
|---|---|---|---|
| 001 | 81 | ||
| 008 | 110316n ii |||gr||||Z||||||eng | ||
| 020 | _a81-7656-706-x | ||
| 040 | _cMAIN | ||
| 082 | _a005.74 | ||
| 245 |
_aData Structures through C. _cBy Yashvant P. Kanetkar. |
||
| 250 | _a1st. | ||
| 260 |
_aNew Delhi.: _bBPB, _c2003. |
||
| 300 |
_avii, 616 p. _bill.8 cm. |
||
| 653 | _aComputer Science. | ||
| 653 | _aData Structure Through C. | ||
| 700 | _aKanetkar, Yashvant., | ||
| 942 | _cBK | ||
| 999 |
_c72 _d72 |
||